00498nam a22001457a 4500003000400000005001700004008004100021040001400062100002100076245008500097260000900182300003000191500009800221504003300319OSt20171010095515.0120814t xxu||||| |||| 00| 0 eng d aMMSUcULS aCaday, Simon P.  aGender system in a community-based forest management (CBFM) areacSimon P. Caday c2000 axvii, 129 leaves c28 cm. aThesis (MS Rural Development) -- Mariano Marcos State University-Graduate School, Laoag City  aBibliography: leaves 102-107